Komplementárnosť strategických faktov logistickej úspešnosti podniku
Začlenenie logistickej stratégie do rámca podnikovej stratégie. Vzťah medzi podnikovou stratégiou a stratégiou jeho logistického systému. Čas, náklady a kvalita v podnikovom logistickom reťazci. Synergizácia informačných tokov v logistike. Organizačné aspekty logistického systému podniku. Funkčné č...
Na minha lista:
| Autor principal: | |
|---|---|
| Formato: | Capítulo de Livro |
| Idioma: | eslovaco |
| Assuntos: | |
| Tags: |
Sem tags, seja o primeiro a adicionar uma tag!
|
MARC
| LEADER | 00000naa$a2200000$$$4500 | ||
|---|---|---|---|
| 001 | 0008368 | ||
| 005 | 20240502071353.1 | ||
| 041 | 0 | |a slo | |
| 044 | |a SK | ||
| 245 | 1 | 0 | |a Komplementárnosť strategických faktov logistickej úspešnosti podniku |c Andrej Dupaľ |
| 520 | |a Začlenenie logistickej stratégie do rámca podnikovej stratégie. Vzťah medzi podnikovou stratégiou a stratégiou jeho logistického systému. Čas, náklady a kvalita v podnikovom logistickom reťazci. Synergizácia informačných tokov v logistike. Organizačné aspekty logistického systému podniku. Funkčné členenie realizácie logistiky. Stupňovanie zmien v logistickom manažmente. Projektovanie podnikovej logistiky. Outsourcing logistiky. | ||
| 610 | 2 | 0 | |a podnik |
| 610 | 2 | 0 | |a logistika |
| 610 | 2 | 0 | |a stratégia logistická |
| 610 | 2 | 0 | |a tok informácií |
| 610 | 2 | 0 | |a outsourcing |
| 100 | 1 | |a Dupaľ, Andrej | |